Design of appropriate agroforestry interventions in Uganda : agroforestry in-service training manual /

Bibliographic Details
Corporate Author: Makerere University
Other Authors: Namirembe, S. (Sara)
Format: Book
Language:English
Published: Kampala : Makerere University : Fountain Publishers, 2007.
Subjects:
Online Access:Table of contents

MARC

Tag First Indicator Second Indicator Subfields
LEADER 00000cam a22000004a 4500
001 in00002425882
005 20151109135707.0
008 070725s2007 ug a b 001 0 eng
010 |a  2007383648 
020 |a 9789970026777 
020 |a 9970026771 
029 1 |a AU@  |b 000042055812 
035 |a (OCoLC)ocn157025599 
035 |a (OCoLC)157025599 
040 |a DLC  |c DLC  |d AGL  |d BTCTA  |d OCLCG  |d BAKER  |d YDXCP  |d UtOrBLW 
042 |a lcode 
043 |a f-ug--- 
049 |a TXAM 
050 0 0 |a S494.5.A45  |b D46 2007 
070 0 |a S494.5.A45  |b D46 2007 
245 0 0 |a Design of appropriate agroforestry interventions in Uganda :  |b agroforestry in-service training manual /  |c editors, S.Namirembe [and others]. 
264 1 |a Kampala :  |b Makerere University :  |b Fountain Publishers,  |c 2007. 
300 |a xiii, 121 pages :  |b illustrations ;  |c 21 cm. 
336 |a text  |b txt  |2 rdacontent 
337 |a unmediated  |b n  |2 rdamedia 
338 |a volume  |b nc  |2 rdacarrier 
504 |a Includes bibliographical references and index (pages 119-120). 
650 0 |a Agroforestry extension  |z Uganda. 
650 0 |a Agroforestry  |x Study and teaching  |z Uganda. 
700 1 |a Namirembe, S.  |q (Sara) 
710 2 |a Makerere University. 
856 4 1 |3 Table of contents  |u http://www.loc.gov/catdir/toc/fy0716/2007383648.html  |t 0 
938 |a Baker and Taylor  |b BTCP  |n BK0007800633 
938 |a Baker & Taylor  |b BKTY  |c 24.95  |d 24.95  |i 9970026771  |n 0007800633  |s active 
938 |a YBP Library Services  |b YANK  |n 2841531 
945 |a PromptCat  |b 526757 
946 |a stk 
947 |a A14836646506 
994 |a 92  |b TXA 
948 |a cataloged  |b h  |d 2008/10/16  |h c  |e asalazar  |f 10:36:52 am 
999 |a MARS 
999 f f |s a8c7f769-ffcb-3edc-9fbd-5d67fb7b73d0  |i 0733beaf-1d99-35f9-8624-e15b5a6ecd47  |t 0 
952 f f |p ric  |a Texas A&M University  |b Rellis Campus  |c Joint Library Facility  |d Remote Storage  |t 0  |e S494.5.A45 D46 2007  |h Library of Congress classification  |i unmediated -- volume  |m A14836646506 
998 f f |a S494.5.A45 D46 2007  |t 0  |l Remote Storage